|
|
|
|
| LEADER |
00000nam a22000007a 4500 |
| 005 |
20201028234615.0 |
| 007 |
cr|||| |||| |
| 008 |
201028s2020 mx |||||s|||| 00||0 spa d |
| 020 |
|
|
|a 978-607-563-064-9
|
| 035 |
|
|
|a 32190
|
| 040 |
|
|
|a vLex
|
| 090 |
|
|
|c 10805
|d 10805
|
| 100 |
1 |
|
|a Sǹchez Belmont, Óscar
|
| 245 |
1 |
0 |
|a Principios funcionales del anl̀isis de inteligencia y contrainteligencia
|h [Recurso electrn̤ico] :
|b Comprendiendo su esencia metodolg̤ica /
|c Óscar Sǹchez Belmont
|
| 256 |
|
|
|a Servicio en ln̕ea
|
| 260 |
|
|
|a Ciudad de Mx̌ico:
|b Instituto Mexicano de Contadores Pb︢licos,
|c 2020
|
| 300 |
|
|
|a 1 recurso electrn̤ico
|
| 500 |
|
|
|a Todos hemos escuchado en diferentes medios de comunicacin̤ que la eficacia en el combate contra el crimen se atribuye a la aplicacin̤ de estrategias de inteligencia y contrainteligencia. Sin embargo, ¿cul̀ es la naturaleza, funcin̤ e impacto de inteligencia? En esta obra se ofrece una investigacin̤ que ayuda a comprender los sisteƯmas de anl̀isis de esta materia y a entender aquellos ilc̕itos altaƯmente complejos para prevenirlos. Asimismo, aporta la visualizacin̤ de elementos que debe consiƯderar el profesionista investigador dedicado a realizar trabajos de inteligencia, con el objetivo de recabar informacin̤ que coadyuve a una correcta toma de decisiones. Por consiguiente, hacer inteligenƯcia es destacar los puntos elementales de informacin̤ y, posteriorƯmente, prepararla para establecer el vn̕culo jurd̕ico que lleve a una correcta aplicacin̤ de la ley. Principios funcionales del anl̀isis de inteligencia y contrainteliƯgencia. Comprendiendo su esencia metodolg̤ica es un texto que permite, a quien desee trabajar en esta r̀ea profesional, elaborar sus propios procedimientos de recabacin̤ de informacin̤, desde el m̀bito de campo hasta el uso de la ciber-inteligencia, centrǹdose en la estructura de la persona entrevistada y de quien lleva a cabo el interrogatorio, lo cual da como resultado la obtencin̤ de datos y su respectivo anl̀isis.
|
| 506 |
1 |
|
|a Disponible solo en los productos indicados
|d vLex Global
|d vLex Global (Academic Edition, excluding Law Schools)
|d vLex Global (U.S. Academic Edition, Law Schools)
|d vLex Global (U.S. Academic Edition, excluding Law Schools)
|d vLex Global (Academic Edition, Law Schools)
|
| 650 |
0 |
4 |
|a Derecho Pb︢lico y Administrativo
|z Mx̌ico
|
| 740 |
0 |
|
|a vLex Libros (Servicio en ln̕ea)
|
| 856 |
4 |
0 |
|u http://vlex.com/source/principios-funcionales-del-analisis-de-inteligencia-y-contrainteligencia-comprendiendo-su-esencia-metodologica-32190
|z Acceso restringido
|
| 942 |
|
|
|c BOOK
|
| 999 |
0 |
|
|a Public and Administrative Law
|